000 00321nam a22001337a 4500
008 181107b xxu||||| |||| 00| 0 eng d
020 _a9780198509141
041 _aeng
080 _a541
100 _a12
101 _aKIM
245 _aExploring the Quantum, Atoms, cavities and photons.
_cHaroche, S
942 _2udc
_cBK
999 _c52212
_d52212